MARC

LEADER 00000nam0a2200000 4500
001 369748
005 20231102012219.0
035 |a (RuTPU)RU\TPU\retro\27155 
090 |a 369748 
100 |a 20220602d1980 km y0rusy50 ca 
101 0 |a rus 
102 |a RU 
105 |a a z 001zy 
200 1 |a Нелинейные искажения в приемно-усилительных устройствах  |f Б. М. Богданович 
210 |a Москва  |c Связь  |d 1980 
215 |a 280 с.  |c ил. 
320 |a Библиогр.: с. 274-277 
606 1 |a Приемно-усилительные устройства  |2 stltpush  |3 (RuTPU)RU\TPU\subj\51664  |9 70237 
610 1 |a нелинейные искажения 
610 1 |a оценка 
610 1 |a анализ 
610 1 |a радиоприемные устройства 
610 1 |a динамический диапазон 
610 1 |a каскады 
610 1 |a многокаскадные преобразователи 
675 |a 621.375  |v 4 
700 1 |a Богданович  |b Б. М.  |g Борис Михайлович 
801 1 |a RU  |b 63413507  |c 20220602 
801 2 |a RU  |b 63413507  |c 20220602  |g RCR 
942 |c BK